Mexican and Canadian States Bordering the U.S. - Statistics

General Stats
  • This quiz has been taken 12 times
  • The average score is 10 of 14
Answer Stats
Answer % Correct
Alberta
100%
British Columbia
100%
Saskatchewan
100%
Baja California
92%
Manitoba
92%
Ontario
92%
Quebec
92%
Chihuahua
83%
New Brunswick
83%
Sonora
67%
Nuevo Leon
25%
Tamaulipas
17%
Yukon Territory
17%
Coahuila
8%
No matching quizzes found
Score Distribution
Percent of People with Each Score
Percentile by Number Answered
Your Score History
You have not taken this quiz